God and his attributes : (Record no. 53460)

MARC details
000 -LEADER
fixed length control field 00840nam a2200289 i 4500
001 - CONTROL NUMBER
control field C2-0237934
003 - CONTROL NUMBER IDENTIFIER
control field PPAK
005 - DATE AND TIME OF LATEST TRANSACTION
control field 20180727201247.0
008 - FIXED-LENGTH DATA ELEMENTS--GENERAL INFORMATION
fixed length control field 020204s2000 ir |||| ||||| | eng d
020 ## - INTERNATIONAL STANDARD BOOK NUMBER
International Standard Book Number 1871031079
040 ## - CATALOGING SOURCE
Original cataloging agency PPAK
Language of cataloging eng
Transcribing agency PPAK
Description conventions rda
082 04 - DEWEY DECIMAL CLASSIFICATION NUMBER
Classification number 297.211
Edition number 23
090 00 - LOCALLY ASSIGNED LC-TYPE CALL NUMBER (OCLC); LOCAL CALL NUMBER (RLIN)
Classification number (OCLC) (R) ; Classification number, CALL (RLIN) (NR) 297.211
Feature heading MUS
Feature heading R
100 1# - MAIN ENTRY--PERSONAL NAME
Personal name Musavi Lari, Mujtaba,
Relator term author
245 10 - TITLE STATEMENT
Title God and his attributes :
Remainder of title lessons on Islamic doctrine,
250 ## - EDITION STATEMENT
Edition statement 7th ed.
264 #1 - PRODUCTION, PUBLICATION, DISTRIBUTION, MANUFACTURE, AND COPYRIGHT NOTICE
Place of production, publication, distribution, manufacture Iran :
Name of producer, publisher, distributor, manufacturer Foundation of Islamic C.P.W. ,
Date of production, publication, distribution, manufacture, or copyright notice 2000
300 ## - PHYSICAL DESCRIPTION
Extent 206 pages ;
Dimensions 22 cm
336 ## - CONTENT TYPE
Source rdacontent
Content type term text
337 ## - MEDIA TYPE
Source rdamedia
Media type term unmediated
338 ## - CARRIER TYPE
Source rdacarrier
Carrier type term volume
490 1# - SERIES STATEMENT
Series statement Lessons on Islamic doctrine ; 1
500 ## - GENERAL NOTE
General note Book one
650 10 - SUBJECT ADDED ENTRY--TOPICAL TERM
Topical term or geographic name entry element Shi ah - Doctrines ; God (Islam)
830 #0 - SERIES ADDED ENTRY--UNIFORM TITLE
Uniform title Lessons on Islamic doctrine ; 1
942 ## - ADDED ENTRY ELEMENTS (KOHA)
-- dc
Koha item type Book
Holdings
Withdrawn Not for loan Current library Shelving location Date acquired Full call number Barcode Date last seen Koha item type
  Not For Loan Perpustakaan Alor Setar Rujukan Dewasa 04/02/2002 R 297.211 MUS A00806350 08/05/2018 Book